Neural networks: A comprehensive foundation
Na minha lista:
| Autor principal: | |
|---|---|
| Formato: | Livro |
| Idioma: | Undetermined |
| Publicado em: |
Upper Saddle River, NJ
Prentice-Hall
1999
|
| Assuntos: | |
| Tags: |
Adicionar Tag
Sem tags, seja o primeiro a adicionar uma tag!
|
| Thư viện lưu trữ: | Trung tâm Học liệu Trường Đại học Cần Thơ |
|---|
| LEADER | 00597nam a2200193Ia 4500 | ||
|---|---|---|---|
| 001 | CTU_56344 | ||
| 008 | 210402s9999 xx 000 0 und d | ||
| 082 | |a 006.32 | ||
| 082 | |b H421 | ||
| 100 | |a Simon Haykin | ||
| 245 | 0 | |a Neural networks: A comprehensive foundation | |
| 245 | 0 | |c Simon Haykin | |
| 260 | |a Upper Saddle River, NJ | ||
| 260 | |b Prentice-Hall | ||
| 260 | |c 1999 | ||
| 526 | |a Mạng nơ-ron nhân tạo | ||
| 526 | |b CT384 | ||
| 650 | |a neural computers,artificial intelligence,neural networks ( computer science ) | ||
| 980 | |a Trung tâm Học liệu Trường Đại học Cần Thơ | ||